000 00443nam a2200193Ia 4500
008 210210b1919 xxu||||| |||| 00| 0 eng d
041 _aeng
082 _a170/2
100 _aBOSANQUET (Bernard)
245 _aSome suggestions in ethics
260 _aLondon
_bMacmillan & Co. Ltd.
_c1919
300 _aviii,264
650 _asuggestions
650 _aSome
650 _ain
650 _aethics
690 _aEthics
906 _a001210
999 _c116093
_d116093